[Event "Kolhapur Kulkarni Memorial"]
[Site "Kolhapur"]
[Date "2021.12.04"]
[Round "1"]
[White "Ajay, Kumar Rai"]
[Black "Derekar, Gandhar"]
[Result "1-0"]
[WhiteElo "1922"]
[BlackElo "1037"]
[PlyCount "91"]
[EventDate "2021.12.04"]
[EventType "swiss"]
[EventRounds "10"]
[EventCountry "IND"]
[SourceTitle "EXT 2023"]
[Source "ChessBase"]
[SourceDate "2022.10.05"]
[SourceVersion "1"]
[SourceVersionDate "2022.10.05"]
[SourceQuality "1"]

1. d4 e6 2. e3 d5 3. Bd3 Bd6 4. Ne2 Nf6 5. Ng3 Nbd7 6. f4 c5 7. c3 b6 8. Nd2 Bb7 9. 0-0 0-0 10. Nf3 Ne4 11. Bxe4 dxe4 12. Ng5 Nf6 13. Qc2 Ba6 14. N3xe4 Nxe4 15. Qxe4 g6 16. Re1 Rb8 17. Qc2 Bb7 18. Qf2 h6 19. Nf3 f5 20. Bd2 Be4 21. Qg3 Kh7 22. Qh3 Kg7 23. c4 Bxf3 24. Qxf3 cxd4 25. exd4 Re8 26. b3 Be7 27. Bc3 Bf6 28. Rad1 Qc7 29. Kh1 Rbd8 30. Re5 Bxe5 31. fxe5 Kf7 32. Qe3 g5 33. d5 Rd7 34. Qd3 Kg6 35. g4 Rf8 36. Rf1 a5 37. gxf5+ Rxf5 38. Rxf5 exf5 39. e6 Rd8 40. Qd4 Kh5 41. Kg2 f4 42. Qf6 Kg4 43. e7 Re8 44. h3+ Kh4 45. Be1+ Kh5 46. Qf7# 1-0